Central Library OPAC University of Rajshahi

Civilisation : (Record no. 21130)

MARC details
000 -LEADER
fixed length control field 00896nam a2200265 a 4500
001 - CONTROL NUMBER
control field 21130
003 - CONTROL NUMBER IDENTIFIER
rucl marc code UkOxU
005 - DATE AND TIME OF LATEST TRANSACTION
control field 20211209000642.0
008 - FIXED-LENGTH DATA ELEMENTS--GENERAL INFORMATION
fixed length control field 960307r19741971enkacef 001 0 eng d
020 ## - INTERNATIONAL STANDARD BOOK NUMBER
International Standard Book Number 0563102799 (BBC; pbk)
International Standard Book Number 0719522404 (Murray; pbk)
035 ## - SYSTEM CONTROL NUMBER
System control number BD-RjUL)21194
040 ## - CATALOGING SOURCE
Original cataloging agency BD-RjUL
Language of cataloging eng
Transcribing agency BD-RjUL
041 ## - LANGUAGE CODE
Language code of text/sound track or separate title eng
082 04 - DEWEY DECIMAL CLASSIFICATION NUMBER
Classification number 901.9
Author mark and year CLC 1974
100 1# - MAIN ENTRY--PERSONAL NAME
Personal name Clark, Kenneth,
Dates associated with a name 1903-1983
9 (RLIN) 52398
245 10 - TITLE STATEMENT
Title Civilisation :
Remainder of title a personal view /
Statement of responsibility, etc. Kenneth Clark.
260 ## - PUBLICATION, DISTRIBUTION, ETC. (IMPRINT)
Place of publication, distribution, etc. London :
Name of publisher, distributor, etc. British Broadcasting Corporation and John Murray,
Date of publication, distribution, etc. 1971 [Reprinted 1974]
300 ## - PHYSICAL DESCRIPTION
Pagination xviii, 359 p., 49 plates :
Illustrations ill. (some col.), facsims., plan, ports. (some col.) ;
Size 25 cm.
500 ## - GENERAL NOTE
General note First published 1969.
650 #0 - SUBJECT ADDED ENTRY--TOPICAL TERM
Topical term or geographic name as entry element Civilization
General subdivision History.
9 (RLIN) 65314
Topical term or geographic name as entry element Art
General subdivision History.
9 (RLIN) 65315
710 2# - ADDED ENTRY--CORPORATE NAME
Corporate name or jurisdiction name as entry element British Broadcasting Corporation.
9 (RLIN) 65316
942 ## - ADDED ENTRY ELEMENTS (KOHA)
Source of classification or shelving scheme Dewey Decimal Classification
Koha item type Books
Holdings
Lost status Source of classification or shelving scheme Damaged status Not for loan Collection code Permanent Location Current Location Shelving location Date acquired Source of acquisition Cost, normal purchase price Total Checkouts Full call number Date last seen Copy number Koha item type
  Dewey Decimal Classification   Added to bundle Non-fiction Central Library, University of Rajshahi Central Library, University of Rajshahi Reading Room 12/06/1975 Jonathan wren & co. 2.75   901.9 CLC 1974 03/03/2014 C-1 Books